Diccionario de técnicas avanzadas alemán-español-alemán = High-Tech Fachwörterbuch Deutsch-Spanisch-Deutsch /

Gespeichert in:
Bibliographische Detailangaben
1. Verfasser: Metzger, Gerardo (autor)
Format: Buch
Sprache:Spanisch
Veröffentlicht: Barcelona, España : Herder, 2000, c2000
Schlagworte:
Tags: Tag hinzufügen
Keine Tags, Fügen Sie das erste Tag hinzu!

MARC

LEADER 00000nam^a2200000^a^4500
001 000131581
005 20250521000000.0
009 20260310095026.74
020 |a 84-254-2145-4 
037 |a Acervo ITESO - Biblioteca 
041 |a ESP 
082 |a 603.  |b MET 
100 |a Metzger, Gerardo  |e (autor) 
245 1 0 |a Diccionario de técnicas avanzadas alemán-español-alemán =  |b High-Tech Fachwörterbuch Deutsch-Spanisch-Deutsch /  |c G. Metzger. 
264 4 |a Barcelona, España :  |b Herder,  |c 2000, c2000 
300 |a 739 p. 
336 |a texto  |b txt  |2 rdacontenido 
337 |a sin mediación  |b n  |2 rdamedio 
338 |a volumen  |b nc  |2 rdasoporte 
546 |a Edición bilingüe español-alemán 
649 |a XX 
650 |a Tecnología -  |x Enciclopedias y Diccionarios 
650 |a Normalización y Certificación -  |x Enciclopedias y Diccionarios 
650 |a Ingeniería -  |x Enciclopedias y Diccionarios 
650 |a Alemán-Español -  |x Enciclopedias y Diccionarios 
650 |a Enciclopedias y Diccionarios Bilingües 
910 |a Fondo General 
920 |a Impresos - Libros 
930 |a Obras de Referencia 
905 |a 102 
901 |a 0500061298  |b IT2  |c REF  |u 20250521 
902 |a https://opac.biblio.iteso.mx/vufind/Record/000131581